Toyota Models - Statistics

General Stats
  • This quiz has been taken 420 times
    416 since last reset
  • The average score is 10 of 20
Answer Stats
Picture Answer % Correct
Corolla
85%
Supra (MK5)
85%
Camry
79%
Rav4
75%
Prius
71%
Yaris
71%
Land Cruiser
64%
Hilux
61%
4Runner
47%
AE86
45%
GR86
45%
C-HR
43%
FJ Cruiser
40%
Crown
39%
HiAce
37%
Aygo
34%
Chaser
30%
Alphard
28%
Fortuner
23%
Aygo X
17%
No matching quizzes found
Score Distribution
Percent of People with Each Score
Percentile by Number Answered
Your Score History
You have not taken this quiz since the last reset